[Event "Chicago Open"]
[Site "Wheeling"]
[Date "2013.05.25"]
[Round "4.23"]
[White "Morshedi, Ali"]
[Black "Sevian, Samuel"]
[Result "0-1"]
[WhiteElo "2227"]
[BlackElo "2371"]
[PlyCount "174"]
[EventDate "2013.05.??"]
[EventType "swiss"]
[EventRounds "9"]
[EventCountry "USA"]
[Source "MonRoi"]

1. e4 e5 2. Nf3 Nc6 3. Bb5 a6 4. Ba4 Nf6 5. O-O Be7 6. d3 b5 7. Bb3 d6 8. c3
O-O 9. Re1 Na5 10. Bc2 c5 11. Nbd2 Nc6 12. a4 Be6 13. Nf1 h6 14. Ng3 Re8 15. h3
Bf8 16. d4 exd4 17. cxd4 Nxd4 18. Nxd4 cxd4 19. Qxd4 Nd7 20. Ra3 Rc8 21. Bb1
Ne5 22. axb5 axb5 23. f4 Nc4 24. Rf3 Qb6 25. Be3 Qxd4 26. Bxd4 d5 27. f5 Bd7
28. Rd1 dxe4 29. Nxe4 Bc6 30. Rf4 Rcd8 {c4} 31. Nf2 h5 32. Be4 Bxe4 33. Rxe4
Rxe4 {Qxa7 Qxc3} 34. Nxe4 {Qc1 Kf2 Qxg5 Qxf7 c3 e5 c2 Qg6 Qxg6 hxg6 Kxg6 Ne7}
Nxb2 35. Rd2 Nc4 36. Rd3 Ne5 {Rc5 Ra7 Rxb5 Rxa2 Kf3 Kf5} 37. Rd2 {Ke6} Nc4 38.
Rd3 Ba3 39. Nf2 b4 40. Bc5 Rb8 41. Rb3 Rb5 42. Ne4 Nd2 43. Nxd2 Rxc5 44. Nb1
Ra5 45. g4 hxg4 46. hxg4 Kf8 47. Kf2 Ke7 48. Kf3 Ra4 49. Nd2 Bc1 50. Nc4 Kf6
51. Rb1 Bh6 52. Rb3 Kg5 53. Kg3 Kf6 54. Kf3 g6 55. fxg6 fxg6 56. Ke4 Bf8 57.
Rf3+ Kg7 58. Kd5 Ra8 59. Ne5 Rd8+ 60. Ke4 Bd6 61. Nc6 Rd7 62. Kd5 Bf8+ 63. Kc4
Rb7 64. Nd4 Rb6 65. Kd5 Be7 66. Kc4 Bf6 67. Nb5 Be7 68. Nd4 Kh6 69. Rf7 Bf6 70.
Nf3 g5 71. Nd2 Kg6 72. Rc7 Rd6 73. Nb3 Bc3 74. Rc5 Re6 75. Kd3 Rf6 76. Nc1 Rf3+
77. Ke2 Rf4 78. Rc6+ Kg7 79. Na2 Bf6 80. Rb6 Be7 81. Rb7 Kf6 82. Nc1 Rxg4 83.
Nd3 Rc4 84. Ke3 Bd6 85. Rb5 g4 86. Rd5 Ke6 87. Rg5 g3 0-1

[Event "Chicago Open"]
[Site "Wheeling"]
[Date "2013.05.25"]
[Round "4.28"]
[White "Applebaum, Andy"]
[Black "Shivaji, Shivkumar"]
[Result "1/2-1/2"]
[WhiteElo "2105"]
[BlackElo "2272"]
[PlyCount "99"]
[EventDate "2013.05.??"]
[EventType "swiss"]
[EventRounds "9"]
[EventCountry "USA"]
[Source "MonRoi"]

1. c4 e6 2. Nf3 d5 3. d4 Nf6 4. Nc3 Be7 5. g3 O-O 6. Bg2 Nbd7 7. c5 c6 8. O-O
b6 9. b4 a5 10. b5 Bb7 11. bxc6 Bxc6 12. cxb6 Rb8 13. Bf4 Rxb6 14. Rc1 Qa8 15.
Qd3 Ne4 16. Ne5 Nxe5 17. Bxe5 f5 18. Qe3 Bg5 19. f4 Be7 20. Nxe4 fxe4 21. Bh3
Qc8 22. Rc2 Qd7 23. Rfc1 Rc8 24. a3 a4 25. Qc3 Bb7 26. Qxc8+ Bxc8 27. Rxc8+ Kf7
28. Bg4 Rb1 29. Rxb1 Qxc8 30. Rb8 Qc1+ {c4} 31. Kg2 Qc6 32. Rh8 Bf6 33. Bh5+ g6
{Qxa7 Qxc3} 34. Rxh7+ {Qc1 Kf2 Qxg5 Qxf7 c3 e5 c2 Qg6 Qxg6 hxg6 Kxg6 Ne7} Kg8
35. Bxg6 Bxe5 36. dxe5 Qc2 {Rc5 Ra7 Rxb5 Rxa2 Kf3 Kf5} 37. Re7 {Ke6} Qxe2+ 38.
Kh3 e3 39. Rxe6 Qf3 40. Kh4 d4 41. Kg5 Qa8 42. Bd3 Qd5 43. Kf6 Kf8 44. Rd6 Qf7+
45. Kg5 Qg7+ 46. Rg6 Qe7+ 47. Rf6+ Kg7 48. Bc4 Qd8 49. Kh5 Qh8+ 50. Kg5 1/2-1/2

[Event "Chicago Open"]
[Site "Wheeling"]
[Date "2013.05.25"]
[Round "5.2"]
[White "Mikhalevski, Victor"]
[Black "Corrales Jimenez, Fidel"]
[Result "1-0"]
[WhiteElo "2551"]
[BlackElo "2604"]
[PlyCount "129"]
[EventDate "2013.05.??"]
[EventType "swiss"]
[EventRounds "9"]
[EventCountry "USA"]
[Source "MonRoi"]

1. c4 e6 2. g3 d5 3. Bg2 Nf6 4. Nf3 Be7 5. O-O O-O 6. b3 b6 7. Bb2 Bb7 8. e3 c5
9. Nc3 dxc4 10. bxc4 Nc6 11. Qe2 Rc8 12. Rfd1 Qc7 13. Rac1 Rfd8 14. d4 Na5 15.
Nb5 Qb8 16. d5 exd5 17. Be5 Qa8 18. Nc7 Rxc7 19. Bxc7 Rc8 20. cxd5 Bxd5 21. Be5
Be4 22. Bc3 Nc6 23. Nh4 Bxg2 24. Nxg2 Ne4 25. Nf4 Bf6 26. Bxf6 Nxf6 27. Qf3 Ne5
28. Qxa8 Rxa8 29. Nd5 c4 30. Nxf6+ gxf6 31. Rd5 Rc8 32. f4 Ng6 33. a4 Nf8 34.
Rc3 Ne6 35. Kg2 a6 36. f5 Nf8 37. Rd6 b5 38. Rc1 c3 39. Rxa6 bxa4 40. Rxa4 Rc5
41. Rg4+ Kh8 42. Rd4 Rxf5 43. Rf4 Rc5 44. Rxf6 Kg7 45. Rd6 Ng6 46. Rd3 c2 47.
Rd2 Re5 48. Kf2 Rh5 49. Kf3 Rf5+ 50. Ke2 h5 51. Rdxc2 h4 52. Rc5 Rf6 53. Rc6
Rf5 54. R1c5 Ne5 55. g4 Rg5 56. h3 Kf8 57. Rc7 Kg7 58. Re7 Nf3 59. Rec7 Ne5 60.
Ra7 Kg6 61. Ra8 Kg7 62. Rb5 Kh7 63. Re8 Nf3 64. Rb7 Ne5 65. Rbe7 1-0

[Event "Chicago Open"]
[Site "Wheeling"]
[Date "2013.05.25"]
[Round "5.3"]
[White "So, Wesley"]
[Black "Mitkov, Nikola"]
[Result "1/2-1/2"]
[WhiteElo "2705"]
[BlackElo "2484"]
[PlyCount "125"]
[EventDate "2013.05.??"]
[EventType "swiss"]
[EventRounds "9"]
[EventCountry "USA"]
[Source "MonRoi"]

1. d4 d5 2. Nf3 Nf6 3. c4 e6 4. g3 Bb4+ 5. Bd2 Be7 6. Bg2 c6 7. O-O Nbd7 8. Qc2
b6 9. Bf4 Ba6 10. b3 O-O 11. Rd1 Rc8 12. Nc3 Re8 13. e4 dxc4 14. Nd2 b5 15.
bxc4 bxc4 16. Na4 c5 17. d5 exd5 18. exd5 Nh5 19. Be3 Bf6 20. Rab1 Bd4 21. Nxc4
Bxc4 22. Qxc4 Bxe3 23. fxe3 Qg5 24. e4 Qe3+ 25. Kf1 Nhf6 26. Qe2 Qxe2+ 27. Kxe2
Nxe4 28. Kf1 Nd6 29. Nc3 Rb8 30. Rxb8 Rxb8 31. Ne4 Rb6 32. Nxd6 Rxd6 33. Rd3 f5
34. Ra3 a6 35. Kf2 Kf7 36. Bf1 Kf6 37. Bxa6 Rxd5 38. Ke3 Ke5 39. Be2 g5 40. Ra7
Rd4 41. a4 Nb6 42. a5 Nd5+ 43. Kf2 c4 44. Ra8 c3 45. Rc8 Ra4 46. Bc4 Nf6 47. a6
Kd4 48. Be6 Ne4+ 49. Kf3 Ke5 50. Re8 Ra3 51. Bxf5+ Kxf5 52. g4+ Kf6 53. Kxe4
Rxa6 54. Rc8 Ra4+ 55. Kf3 Ra3 56. Ke4 Ra4+ 57. Kf3 Ra3 58. Ke4 Ke6 59. h3 Kd7
60. Rc4 Kd6 61. Rc8 Kd7 62. Rc4 Kd6 63. Rc8 1/2-1/2

[Event "Chicago Open"]
[Site "Wheeling"]
[Date "2013.05.25"]
[Round "5.6"]
[White "Holt, Conrad"]
[Black "Bryant, John"]
[Result "1-0"]
[WhiteElo "2513"]
[BlackElo "2442"]
[PlyCount "76"]
[EventDate "2013.05.??"]
[EventType "swiss"]
[EventRounds "9"]
[EventCountry "USA"]
[Source "MonRoi"]

1. d4 Nf6 2. c4 g6 3. Nc3 Bg7 4. e4 d6 5. Nf3 Bg4 6. Be2 O-O 7. Be3 Nfd7 8. Ng1
Bxe2 9. Ngxe2 c5 10. O-O Nc6 11. Rc1 a6 12. d5 Nce5 13. b3 b5 14. cxb5 axb5 15.
Nxb5 Rxa2 16. Nec3 Ra5 17. f4 Qb6 18. Qe2 Rb8 19. fxe5 Bxe5 20. Qf3 Rf8 21. Bh6
Bg7 22. Bg5 f6 23. Qh3 Ne5 24. Bf4 Nf7 25. Qd7 Rb8 26. Qxe7 Rxb5 27. Nxb5 Qxb5
28. Bxd6 Bf8 29. Qxf6 Nxd6 30. Qe6+ Kg7 31. Rxf8 Rxf8 32. Qxd6 Qe2 33. Qxc5
Qxe4 34. h3 Rf5 35. Qc3+ Kg8 36. d6 Rd5 37. d7 Kf7 38. Rf1+ Ke6 1-0

[Event "Chicago Open"]
[Site "Wheeling"]
[Date "2013.05.25"]
[Round "5.7"]
[White "Finegold, Benjamin"]
[Black "Porper, Edward"]
[Result "0-1"]
[WhiteElo "2505"]
[BlackElo "2423"]
[PlyCount "104"]
[EventDate "2013.05.??"]
[EventType "swiss"]
[EventRounds "9"]
[EventCountry "USA"]
[Source "MonRoi"]

1. d4 Nf6 2. c4 e6 3. Nc3 Bb4 4. Qc2 Nc6 5. Nf3 d6 6. Bg5 h6 7. Bd2 Qe7 8. a3
Bxc3 9. Bxc3 a5 10. b3 O-O 11. e3 e5 12. d5 Nb8 13. Be2 Bg4 14. h3 Bh5 15. O-O
Nbd7 16. b4 axb4 17. axb4 b5 18. cxb5 Nxd5 19. Bd2 N7b6 20. Rfc1 Bg6 21. Qd1
Rxa1 22. Rxa1 f5 23. Ra7 Kh7 24. Qc1 Ra8 25. Ra5 Rf8 26. Ra7 Qd8 27. Bd1 Qb8
28. Ra5 Kh8 29. Bb3 Bh5 30. Bd1 Qe8 31. Ra7 Kh7 32. Qc2 Kg8 33. e4 fxe4 34.
Qxe4 Bg6 35. Qe2 Qb8 36. Ra3 Nf4 37. Qf1 Be4 38. Re3 Qb7 39. Kh2 Bd5 40. Rc3
Ne6 41. Be3 Ra8 42. Be2 Ra2 43. Qd1 Na4 44. Rc1 Nb2 45. Qd2 e4 46. Nh4 Nd3 47.
Rc2 Rxc2 48. Qxc2 Qxb5 49. Nf5 Kh7 50. g4 Bb7 51. Kg1 Qxb4 52. Bd2 Qb5 0-1

[Event "Chicago Open"]
[Site "Wheeling"]
[Date "2013.05.25"]
[Round "5.8"]
[White "Xiong, Jeffery"]
[Black "Friedel, Joshua"]
[Result "0-1"]
[WhiteElo "2376"]
[BlackElo "2485"]
[PlyCount "84"]
[EventDate "2013.05.??"]
[EventType "swiss"]
[EventRounds "9"]
[EventCountry "USA"]
[Source "MonRoi"]

1. e4 e5 2. Nf3 Nc6 3. Bb5 Nf6 4. O-O Nxe4 5. d4 Nd6 6. Bxc6 dxc6 7. dxe5 Nf5
8. Qxd8+ Kxd8 9. Rd1+ Ke8 10. Nc3 Ne7 11. h3 h6 12. b3 Ng6 13. Bb2 Nf4 14. Rd4
Ne6 15. Rd2 Bb4 16. Rad1 c5 17. Nh2 b6 18. f4 Bb7 19. Rf2 c4 20. f5 Ng5 21. Nb5
Rc8 22. Nxa7 Rd8 23. Rxd8+ Kxd8 24. Nb5 Ne4 25. Rf4 Bd2 26. Rg4 c3 27. Ba1 Rh7
28. Nf1 h5 29. Rxe4 Bxe4 30. Nxc3 Bxc3 31. Bxc3 Bxf5 32. Ne3 Be4 33. Kf2 h4 34.
Bb2 Kd7 35. a3 Ke6 36. Ke2 Rh8 37. Kf2 Rd8 38. Ke2 f5 39. exf6 gxf6 40. Bc1 f5
41. Kf2 Rg8 42. Bd2 Rg3 0-1

[Event "Chicago Open"]
[Site "Wheeling"]
[Date "2013.05.25"]
[Round "5.9"]
[White "Izoria, Zviad"]
[Black "Shmelov, Denys"]
[Result "1/2-1/2"]
[WhiteElo "2585"]
[BlackElo "2431"]
[PlyCount "148"]
[EventDate "2013.05.??"]
[EventType "swiss"]
[EventRounds "9"]
[EventCountry "USA"]
[Source "MonRoi"]

1. e4 c6 2. d4 d5 3. e5 c5 4. dxc5 e6 5. a3 Nc6 6. Nf3 Bxc5 7. b4 Bb6 8. Bb2
Nge7 9. Bd3 Ng6 10. O-O Nf4 11. c4 dxc4 12. Bxc4 Qxd1 13. Rxd1 Ng6 14. Nbd2 Bc7
15. Bb5 Bd7 16. Ne4 a6 17. Bf1 Ngxe5 18. Nxe5 Bxe5 19. Bxe5 Nxe5 20. Nd6+ Ke7
21. Nxb7 Rhc8 22. a4 Bc6 23. Nc5 a5 24. Re1 Nd7 25. Nxd7 Bxd7 26. b5 Rc5 27. g3
Rac8 28. Bg2 Rc4 29. Reb1 Kd6 30. h4 Be8 31. Rd1+ Ke7 32. Rdb1 Kd6 33. Rd1+ Ke7
34. Bf1 R4c5 35. Rab1 Bd7 36. Rb2 Rc2 37. Rdb1 R2c5 38. Bd3 h6 39. Bf1 Be8 40.
Bg2 Rc4 41. b6 Rb8 42. b7 Bc6 43. Bxc6 Rxc6 44. Rb5 Ra6 45. Kf1 Kd7 46. Ke2 Kc7
47. Kd3 Rd8+ 48. Ke3 Kb8 49. Rc5 Ra7 50. h5 Rxb7 51. Rxb7+ Kxb7 52. Rxa5 Kb6
53. Rb5+ Kc6 54. Rb4 f6 55. Rc4+ Kb6 56. Rd4 Ra8 57. Rd7 Rxa4 58. Rxg7 Ra5 59.
g4 f5 60. g5 hxg5 61. h6 Kc5 62. Rxg5 Ra3+ 63. Kf4 Rh3 64. Rg6 Kd5 65. Kg5 e5
66. Kxf5 Rf3+ 67. Kg5 Rxf2 68. h7 Rg2+ 69. Kf6 Rh2 70. Kg7 Rxh7+ 71. Kxh7 e4
72. Rg8 e3 73. Re8 Kd4 74. Kg6 Kd3 1/2-1/2

[Event "Chicago Open"]
[Site "Wheeling"]
[Date "2013.05.25"]
[Round "5.11"]
[White "Georgiev, Vladimir"]
[Black "Neimer, Vitaly"]
[Result "1-0"]
[WhiteElo "2559"]
[BlackElo "2420"]
[PlyCount "45"]
[EventDate "2013.05.??"]
[EventType "swiss"]
[EventRounds "9"]
[EventCountry "USA"]
[Source "MonRoi"]

1. d4 Nf6 2. c4 e6 3. Nc3 Bb4 4. e3 O-O 5. Bd3 c5 6. Nge2 Nc6 7. O-O d5 8. cxd5
exd5 9. a3 c4 10. Bxh7+ Kxh7 11. axb4 Nxb4 12. f3 Re8 13. e4 dxe4 14. Bg5 Qb6
15. Bxf6 Qxf6 16. fxe4 Qe7 17. Nf4 Kg8 18. Qh5 Be6 19. Ra5 Nd3 20. Rg5 Rad8 21.
Nxd3 cxd3 22. d5 Bc8 23. e5 1-0

[Event "Chicago Open"]
[Site "Wheeling"]
[Date "2013.05.25"]
[Round "5.13"]
[White "Mulyar, Michael"]
[Black "Fishbein, Alexander"]
[Result "1/2-1/2"]
[WhiteElo "2383"]
[BlackElo "2506"]
[PlyCount "91"]
[EventDate "2013.05.??"]
[EventType "swiss"]
[EventRounds "9"]
[EventCountry "USA"]
[Source "MonRoi"]

1. e4 c5 2. Nf3 d6 3. d4 cxd4 4. Nxd4 Nf6 5. Nc3 Nc6 6. Bg5 e6 7. Qd2 Be7 8.
O-O-O O-O 9. f4 h6 10. Bh4 Bd7 11. Nf3 Qa5 12. Be2 Rfd8 13. g4 d5 14. exd5 exd5
15. Kb1 Bxg4 16. Bxf6 Bxf6 17. Nxd5 Rxd5 18. Qxd5 Qb4 19. Qb3 Qxf4 20. Rhf1 Bh3
21. Rfe1 Be6 22. Qa3 Nb4 23. Nd4 Bxa2+ 24. Ka1 a5 25. Rf1 Qh4 26. c3 Bd5 27.
Rxf6 Qxf6 28. cxb4 b6 29. b5 Rc8 30. Qe3 Kh8 31. Bf3 Bxf3 32. Qxf3 Qxf3 33.
Nxf3 Rc5 34. Rd8+ Kh7 35. Nd4 f5 36. Rf8 Rd5 37. Nxf5 Rxb5 38. h4 Kg6 39. Ne7+
Kh5 40. Rg8 g5 41. hxg5 hxg5 42. Rh8+ Kg4 43. Rh6 Re5 44. Nc6 Rd5 45. Ne7 Re5
46. Nc6 1/2-1/2

[Event "Chicago Open"]
[Site "Wheeling"]
[Date "2013.05.25"]
[Round "5.16"]
[White "Homa, Seth"]
[Black "Yang, Darwin"]
[Result "0-1"]
[WhiteElo "2307"]
[BlackElo "2485"]
[PlyCount "84"]
[EventDate "2013.05.??"]
[EventType "swiss"]
[EventRounds "9"]
[EventCountry "USA"]
[Source "MonRoi"]

1. c4 Nf6 2. Nc3 e6 3. d4 Bb4 4. e3 O-O 5. Nge2 d5 6. a3 Be7 7. cxd5 exd5 8.
Nf4 a5 9. Bd3 c6 10. O-O Na6 11. Bc2 Nc7 12. f3 Ne6 13. e4 dxe4 14. Nxe6 Bxe6
15. fxe4 Bg4 16. Qd3 Bh5 17. Bf4 Bg6 18. Kh1 b5 19. Qe3 Re8 20. Ne2 Qb6 21.
Rad1 Rad8 22. Ng3 c5 23. Be5 Ng4 24. Qf4 Nxe5 25. dxe5 Rxd1 26. Rxd1 Rd8 27.
Nf5 Rxd1+ 28. Bxd1 Qd8 29. Nxe7+ Qxe7 30. h4 h5 31. Kh2 c4 32. Be2 Kh7 33. a4
c3 34. bxc3 bxa4 35. g3 a3 36. Bc4 Qc7 37. Qf1 Qb7 38. e6 fxe6 39. Bxe6 Qxe4
40. Bb3 a4 41. Bf7 Qc2+ 42. Kg1 a2 0-1

[Event "Chicago Open"]
[Site "Wheeling"]
[Date "2013.05.25"]
[Round "5.18"]
[White "Adamson, Robby"]
[Black "Shabalov, Alexander"]
[Result "0-1"]
[WhiteElo "2284"]
[BlackElo "2544"]
[PlyCount "88"]
[EventDate "2013.05.??"]
[EventType "swiss"]
[EventRounds "9"]
[EventCountry "USA"]
[Source "MonRoi"]

1. e4 g6 2. d4 Bg7 3. Nc3 d6 4. Be3 a6 5. a4 Nd7 6. Qd2 e5 7. Nge2 Ngf6 8. h3
exd4 9. Bxd4 O-O 10. Ng3 Re8 11. Be2 h5 12. Qf4 Nc5 13. Bxc5 dxc5 14. Rd1 Qe7
15. O-O c6 16. Rfe1 Nh7 17. Bf1 Ng5 18. e5 Ne6 19. Qd2 h4 20. Nh1 Nd4 21. Ne4
Bxh3 22. c3 Nb3 23. Qc2 Be6 24. f4 b5 25. axb5 axb5 26. Qf2 c4 27. Ng5 Qc5 28.
Re3 Bf5 29. Nf3 Bg4 30. Rde1 Ra1 31. Nxh4 Rxe1 32. Rxe1 g5 33. Qxc5 Nxc5 34.
Nf2 Bd7 35. fxg5 Rxe5 36. Nf3 Rxe1 37. Nxe1 Be5 38. Nd1 Bf4 39. Be2 Bxg5 40.
Nf3 Bf4 41. Nd4 Na4 42. Bf3 c5 43. Bc6 cxd4 44. Bxd7 Nxb2 0-1

[Event "Chicago Open"]
[Site "Wheeling"]
[Date "2013.05.25"]
[Round "5.19"]
[White "Aaron, Deepak"]
[Black "Amanov, Mesgen"]
[Result "1/2-1/2"]
[WhiteElo "2257"]
[BlackElo "2510"]
[PlyCount "124"]
[EventDate "2013.05.??"]
[EventType "swiss"]
[EventRounds "9"]
[EventCountry "USA"]
[Source "MonRoi"]

1. e4 c5 2. Nf3 d6 3. d4 cxd4 4. Nxd4 Nf6 5. Nc3 a6 6. Bc4 e6 7. Bb3 Nbd7 8. f4
Nc5 9. e5 dxe5 10. fxe5 Nxb3 11. axb3 Nd5 12. O-O Bc5 13. Ne4 Bxd4+ 14. Qxd4
O-O 15. Kh1 Ne7 16. Qxd8 Rxd8 17. Bg5 Rd7 18. Bxe7 Rxe7 19. Rad1 Rd7 20. Rxd7
Bxd7 21. Nd6 f6 22. exf6 gxf6 23. Rxf6 b5 24. Kg1 a5 25. Rf7 Bc6 26. Rc7 Ra6
27. c4 bxc4 28. bxc4 h5 29. g3 a4 30. Kf2 Rb6 31. Ke3 e5 32. Kd3 Bf3 33. Nb5
Bc6 34. Nc3 Be8 35. Rc8 Kf7 36. Kc2 Bc6 37. Rc7+ Kf6 38. Ra7 Kf5 39. Nxa4 Rb4
40. b3 e4 41. Nc3 Rb8 42. Ra5+ Kg4 43. Re5 Kf3 44. Rxh5 Rf8 45. Rh6 Bd7 46. Rh4
e3 47. b4 Bg4 48. b5 Rd8 49. Kb3 Rd3 50. Rh7 e2 51. Re7 Kf2 52. Kc2 Rd4 53.
Nxe2 Bxe2 54. Rxe2+ Kxe2 55. Kc3 Ke3 56. b6 Ke4 57. Kb4 Rd2 58. Kc5 Rxh2 59. b7
Rb2 60. Kc6 Kd4 61. g4 Kxc4 62. g5 Rxb7 1/2-1/2

[Event "Chicago Open"]
[Site "Wheeling"]
[Date "2013.05.25"]
[Round "5.23"]
[White "Schmakel, Sam"]
[Black "Balasubramanian, Adithya"]
[Result "1-0"]
[WhiteElo "2192"]
[BlackElo "2295"]
[PlyCount "75"]
[EventDate "2013.05.??"]
[EventType "swiss"]
[EventRounds "9"]
[EventCountry "USA"]
[Source "MonRoi"]

1. d4 Nf6 2. c4 g6 3. Nc3 d5 4. Nf3 Bg7 5. Qb3 dxc4 6. Qxc4 O-O 7. e4 Nc6 8.
Be2 Bg4 9. d5 Na5 10. Qb4 Bxf3 11. Bxf3 c6 12. O-O cxd5 13. Nxd5 Nxd5 14. exd5
Rc8 15. Bg5 Re8 16. Rac1 Rxc1 17. Rxc1 Be5 18. Qa3 b5 19. b4 Nc4 20. Qxa7 Qd6
21. g3 Qxb4 22. Qd7 Rb8 23. Qxe7 Qb2 24. Rd1 Ra8 25. Bh6 Bd6 26. Qb7 Rb8 27.
Qa7 Ne5 28. Bg2 Rc8 29. Qa6 Rd8 30. Qb6 Be7 31. d6 Qe2 32. Rc1 Qh5 33. dxe7
Rd1+ 34. Rxd1 Qxd1+ 35. Bf1 Nf3+ 36. Kg2 Ne1+ 37. Kh1 Qd5+ 38. f3 1-0

[Event "Chicago Open"]
[Site "Wheeling"]
[Date "2013.05.25"]
[Round "5.25"]
[White "Rosen, Eric"]
[Black "Applebaum, Andy"]
[Result "1-0"]
[WhiteElo "2289"]
[BlackElo "2105"]
[PlyCount "93"]
[EventDate "2013.05.??"]
[EventType "swiss"]
[EventRounds "9"]
[EventCountry "USA"]
[Source "MonRoi"]

1. c4 Nf6 2. Nc3 d5 3. cxd5 Nxd5 4. Nf3 g6 5. Qa4+ c6 6. Qd4 f6 7. e4 Nxc3 8.
Qxc3 Be6 9. d4 Nd7 10. Be3 Bg7 11. Bc4 Bxc4 12. Qxc4 Nb6 13. Qb3 Qd6 14. O-O e6
15. Bd2 Kf7 16. a4 Qd7 17. a5 Nc8 18. Bb4 Re8 19. Rfd1 Bf8 20. Bc3 Kg7 21. Rac1
a6 22. Nd2 Be7 23. Nc4 Bd8 24. d5 cxd5 25. exd5 e5 26. Bb4 Rb8 27. Bc5 b5 28.
axb6 Qb5 29. Qe3 h6 30. b4 Kh7 31. h3 f5 32. Qc3 Bf6 33. Ra1 f4 34. Bd6 Rb7 35.
Ra5 Qd7 36. Bxe5 Bxe5 37. Nxe5 Qg7 38. d6 Nxb6 39. Qc6 Rc8 40. Qxc8 Nxc8 41. d7
Rxd7 42. Rxd7 Ne7 43. Nc6 Nxc6 44. Rxg7+ Kxg7 45. Ra4 h5 46. Kf1 Kh6 47. h4 1-0

[Event "Chicago Open"]
[Site "Wheeling"]
[Date "2013.05.25"]
[Round "5.29"]
[White "Chandra, Akshat"]
[Black "Song, Edward"]
[Result "1-0"]
[WhiteElo "2270"]
[BlackElo "2093"]
[PlyCount "159"]
[EventDate "2013.05.??"]
[EventType "swiss"]
[EventRounds "9"]
[EventCountry "USA"]
[Source "MonRoi"]

1. e4 e5 2. Nf3 Nc6 3. Bb5 a6 4. Ba4 Nf6 5. O-O b5 6. Bb3 Bc5 7. Nc3 d6 8. Nd5
Nxd5 9. Bxd5 Bd7 10. c3 O-O 11. d4 Bb6 12. Bg5 Qe8 13. dxe5 dxe5 14. Qe2 Kh8
15. Rfd1 f6 16. Be3 Rb8 17. Bxb6 cxb6 18. Nh4 Ne7 19. Bb3 Qc8 20. Rd6 Bg4 21.
Qd2 Rd8 22. Rxd8+ Qxd8 23. Qe3 Qc7 24. h3 Bh5 25. g4 Be8 26. Ng2 g5 27. Qf3 Kg7
28. Ne3 Bc6 29. Nf1 Rd8 30. Ng3 Be8 31. Rd1 Rd6 32. Bd5 Qd7 33. b3 Qc7 34. Qe3
Bg6 35. c4 b4 36. Rc1 Qc5 37. Qxc5 bxc5 38. a3 bxa3 39. Ra1 a5 40. Rxa3 Ra6 41.
Kf1 Kf8 42. Ke2 Ke8 43. Kd3 Kd7 44. Ne2 h5 45. Nc3 h4 46. Na2 Rb6 47. Rxa5
Rxb3+ 48. Nc3 Rb2 49. Ra7+ Kd8 50. Ra8+ Kd7 51. Ra7+ Kd8 52. Be6 Rxf2 53. Nd5
Nxd5 54. cxd5 Rf1 55. Ke2 Rb1 56. d6 Rb8 57. Rg7 Be8 58. d7 Bxd7 59. Rxd7+ Ke8
60. Rf7 Rb6 61. Bd5 Rd6 62. Rc7 Ra6 63. Rxc5 Ra3 64. Rc6 Rxh3 65. Rxf6 Rg3 66.
Be6 Ke7 67. Rh6 Rg2+ 68. Kf3 Rb2 69. Bd5 Rd2 70. Rg6 Rd3+ 71. Ke2 Rg3 72. Rxg5
Kd6 73. Kf2 Rc3 74. Rg6+ Kd7 75. Rh6 h3 76. g5 Rc2+ 77. Kf3 Rg2 78. g6 Ke7 79.
Rh7+ Kf6 80. g7 1-0

[Event "Chicago Open"]
[Site "Wheeling"]
[Date "2013.05.25"]
[Round "5.30"]
[White "Morshedi, Ali"]
[Black "Liang, Awonder"]
[Result "0-1"]
[WhiteElo "2227"]
[BlackElo "2053"]
[PlyCount "80"]
[EventDate "2013.05.??"]
[EventType "swiss"]
[EventRounds "9"]
[EventCountry "USA"]
[Source "MonRoi"]

1. e4 c5 2. Nf3 d6 3. d4 cxd4 4. Nxd4 Nf6 5. Nc3 a6 6. f4 e5 7. Nf3 Nbd7 8. a4
Be7 9. Bd3 O-O 10. O-O Nc5 11. Kh1 exf4 12. Bxf4 Bg4 13. Qd2 Bh5 14. Nd4 Bg6
15. Rae1 Re8 16. Nf5 Bxf5 17. exf5 d5 18. Be5 Ng4 19. Bd4 Qd6 20. Bg1 Bf6 21.
Be2 Bxc3 22. Qxc3 Ne4 23. Qf3 Ngf6 24. Rd1 Qb4 25. Bd3 Qxb2 26. Qf4 Re7 27. c4
Rae8 28. cxd5 Nxd5 29. Qh4 Nef6 30. Bd4 Qb3 31. Bc5 Ne3 32. Bxe3 Rxe3 33. Bc4
Qc2 34. Rc1 Qd2 35. Qg5 Qd7 36. Be6 Qd3 37. Rcd1 Qe4 38. Ba2 Qxa4 39. Be6 Qe4
40. Bd7 Nxd7 0-1

[Event "Chicago Open"]
[Site "Wheeling"]
[Date "2013.05.26"]
[Round "6.1"]
[White "Lenderman, Alex"]
[Black "Mikhalevski, Victor"]
[Result "1-0"]
[WhiteElo "2585"]
[BlackElo "2551"]
[PlyCount "123"]
[EventDate "2013.05.??"]
[EventType "swiss"]
[EventRounds "9"]
[EventCountry "USA"]
[Source "MonRoi"]

1. Nf3 Nf6 2. c4 g6 3. Nc3 d5 4. cxd5 Nxd5 5. Qc2 Nc6 6. d4 Ndb4 7. Qa4 Bd7 8.
Qd1 e5 9. dxe5 Bf5 10. Bg5 Be7 11. e4 Bg4 12. Bxe7 Qxe7 13. a3 Rd8 14. Qa4 Bxf3
15. gxf3 Nd3+ 16. Bxd3 Rxd3 17. Qb5 Rxf3 18. Qxb7 Nd8 19. Qb4 Qxe5 20. Rd1 a5
21. Qb8 Qe7 22. Ke2 Rf6 23. Qb5+ c6 24. Qxa5 O-O 25. Qb4 Qe5 26. Qd4 Qh5+ 27.
Ke1 Rf3 28. Qb6 Ne6 29. Qxc6 Nf4 30. Qd6 Re8 31. Rd4 Re6 32. Qb8+ Kg7 33. Rd8
Nd3+ 34. Ke2 Qh3 35. Rf1 Nf4+ 36. Ke1 Nd3+ 37. Ke2 Ref6 38. Rxd3 Rxd3 39. Qe5
Rdd6 40. f3 Kh6 41. Rf2 Rfe6 42. Qh8 f5 43. e5 Kg5 44. Ke1 Rd3 45. f4+ Kg4 46.
Qa8 Rxc3 47. bxc3 Qxc3+ 48. Kf1 Rc6 49. Qd8 Kh3 50. Qd1 Qc1 51. Qxc1 Rxc1+ 52.
Ke2 Kg4 53. Ke3 Ra1 54. e6 Rxa3+ 55. Kd4 g5 56. fxg5 Kxg5 57. Re2 Ra4+ 58. Kc5
Ra5+ 59. Kc6 f4 60. e7 f3 61. e8=Q fxe2 62. Qd8+ 1-0

[Event "Chicago Open"]
[Site "Wheeling"]
[Date "2013.05.26"]
[Round "6.6"]
[White "Corrales Jimenez, Fidel"]
[Black "Yermolinsky, Alex"]
[Result "1/2-1/2"]
[WhiteElo "2604"]
[BlackElo "2497"]
[PlyCount "139"]
[EventDate "2013.05.??"]
[EventType "swiss"]
[EventRounds "9"]
[EventCountry "USA"]
[Source "MonRoi"]

1. e4 c5 2. Nf3 d6 3. d4 cxd4 4. Qxd4 Nc6 5. Qe3 Nf6 6. c4 e6 7. Nc3 Be7 8. Bd3
O-O 9. Qe2 a6 10. O-O Qc7 11. h3 b6 12. Bf4 Bb7 13. Rac1 Ne5 14. Nxe5 dxe5 15.
Be3 Bc5 16. Na4 Bxe4 17. Bxc5 Bxd3 18. Bxb6 Qd7 19. Qd1 Bxf1 20. Qxd7 Nxd7 21.
Kxf1 Rfc8 22. b4 Rc6 23. Ba5 Kf8 24. Ke2 e4 25. c5 Rb8 26. Ke3 f5 27. Kd4 Ke7
28. Rc4 Rb5 29. a3 e5+ 30. Kc3 Ke6 31. Kb3 g6 32. Bd8 h6 33. h4 Rb8 34. Ba5 g5
35. hxg5 hxg5 36. Rc1 Rh8 37. Nb6 Rh2 38. Nxd7 Kxd7 39. a4 Rc8 40. b5 axb5 41.
axb5 g4 42. c6+ Kd6 43. b6 Rxc6 44. Rd1+ Ke6 45. b7 Rh8 46. Rd8 Rh1 47. Kb2
Rcc1 48. Rd6+ Ke7 49. Bd8+ Kf7 50. Rf6+ Kg7 51. Rb6 Rb1+ 52. Ka2 Rxb6 53. Bxb6
Rh8 54. Bc7 Kf6 55. g3 f4 56. gxf4 exf4 57. Bxf4 Kf5 58. Bc7 e3 59. fxe3 Ke4
60. Bf4 g3 61. Bxg3 Kxe3 62. Kb3 Kd4 63. Kb4 Kd5 64. Kb5 Rg8 65. Bc7 Rh8 66.
Kb6 Rh6+ 67. Ka7 Rh8 68. Bd8 Rxd8 69. b8=Q Rxb8 70. Kxb8 1/2-1/2

[Event "Chicago Open"]
[Site "Wheeling"]
[Date "2013.05.26"]
[Round "6.7"]
[White "Yang, Darwin"]
[Black "Georgiev, Vladimir"]
[Result "1/2-1/2"]
[WhiteElo "2485"]
[BlackElo "2559"]
[PlyCount "83"]
[EventDate "2013.05.??"]
[EventType "swiss"]
[EventRounds "9"]
[EventCountry "USA"]
[Source "MonRoi"]

1. d4 Nf6 2. c4 e6 3. Nc3 Bb4 4. e3 O-O 5. Nge2 d5 6. a3 Be7 7. cxd5 exd5 8.
Nf4 c6 9. Bd3 a5 10. O-O Na6 11. Rb1 b5 12. Qc2 b4 13. Na4 Bb7 14. Bd2 Bd6 15.
axb4 axb4 16. Rfc1 Re8 17. Nc5 Bxc5 18. dxc5 Ne4 19. Bxa6 Bxa6 20. Bxb4 Qh4 21.
Be1 Qh6 22. f3 Nf6 23. Qf2 d4 24. Bd2 dxe3 25. Bxe3 Qg5 26. Re1 Nd5 27. Nxd5
Qxd5 28. Bd2 Bd3 29. Rbc1 f6 30. Bc3 Rxe1+ 31. Rxe1 Bg6 32. Qd4 Qxd4+ 33. Bxd4
Kf7 34. Kf2 h5 35. Bc3 Rd8 36. h4 Rd7 37. g4 Rd5 38. b4 Rd3 39. Re3 Rxe3 40.
Kxe3 hxg4 41. fxg4 Bc2 42. Kf4 1/2-1/2